Statistics for Defiant Wrestling Internet Champions

Click here to take the quiz!

General Stats

  • This quiz has been taken 11 times
  • The average score is 5 of 8

Answer Stats

Number of Title ReignsAnswer% Correct
1Cody Rhodes
89%
1Gabriel Kidd
78%
1Joe Hendry
78%
1El Ligero
67%
1Zack Sabre, Jr.
67%
1Martin Kirby
56%
1Walter
56%
1Travis Banks
44%

Score Distribution

Percentile by Number Answered

Percent of People with Each Score

Your Score History

You have not taken this quiz